| 000 | 00709cas a2200229 a 4500 | ||
|---|---|---|---|
| 022 | 0 | _a0081-4539 | |
| 040 | _cIXA | ||
| 082 | 0 | 0 | _a338 FAO 2015 C101 Or. |
| 245 | 1 | 4 | _aThe state of food provisioning as social protection |
| 260 |
_aGeneva : _bFood and Agriculture Organization of the United Nations, _c1947-1949. |
||
| 300 |
_a3 volumes ; _c28 cm |
||
| 500 | _aPlace of publication varies, 1948-1949: Washington, D.C. | ||
| 500 | _aTitle from cover. | ||
| 650 | 0 | _aAgriculture | |
| 650 | 0 | _aAgriculture | |
| 650 | 0 | _aFood supply | |
| 650 | 7 | _aAgriculture. | |
| 650 | 7 | _aAgriculture | |
| 650 | 7 | _aFood supply. | |
| 710 | 2 | _aFood and Agriculture Organization of the United Nations. | |
| 942 | _cAEDBB | ||
| 999 |
_c20870 _d20870 |
||